Biggest Cities in Northland - Statistics

General Stats
  • This quiz has been taken 18 times
  • The average score is 9 of 21
Answer Stats
Population Settlement % Correct
52,600 Whangārei
100%
5,170 Dargaville
93%
6,960 Kerikeri
87%
5,870 Kaitaia
80%
1,510 Paihia
80%
4,490 Kaikohe
67%
800 Russell
67%
1,510 Kawakawa
60%
950 Waipu
53%
1,580 Moerewa
40%
2,360 Ruakākā
33%
1,800 Mangawhai Heads
27%
1,210 Opua
27%
1,180 Ahipara
20%
2,030 One Tree Point (Marsden Bay)
20%
890 Cable Bay
13%
1,680 Hikurangi
13%
1,090 Ngunguru
13%
990 Haruru
7%
900 Whangārei Heads
7%
980 Maungaturoto
0%
No matching quizzes found
Score Distribution
Percent of People with Each Score
Percentile by Number Answered
Your Score History
You have not taken this quiz